000 00571cam a2200181 4500500
005 20260329003406.0
041 _afre
042 _adc
100 1 0 _aPersonne, Thomas
_eauthor
245 0 0 _aMoins que rien. Hegel et l’ombre du matérialisme dialectique
260 _c2015.
500 _a41
690 _aHegel
690 _aSlavoj Žižek
690 _aTotalité
786 0 _nPhilosophie magazine | 91 | 8 | 2015-07-01 | p. 62-62 | 1951-1787
856 4 1 _uhttps://shs.cairn.info/magazine-philosophie-magazine-2015-8-page-62?lang=fr&redirect-ssocas=7080
999 _c1824198
_d1824198